[Event "Budapest FS02 FM-B"]
[Site "Budapest"]
[Date "2002.02.04"]
[Round "3"]
[White "Dombai, Istvan"]
[Black "Gyenes, Istvan"]
[Result "1-0"]
[WhiteElo "2214"]
[BlackElo "2018"]
[PlyCount "119"]
[EventDate "2002.02.02"]
[EventType "tourn"]
[EventRounds "10"]
[EventCountry "HUN"]
[SourceTitle "CBM 086 Extra"]
[Source "ChessBase"]
[SourceDate "2002.03.14"]
[SourceVersion "1"]
[SourceVersionDate "2002.03.14"]
[SourceQuality "1"]

1. d4 Nf6 2. c4 e6 3. Nc3 d5 4. Bg5 Nbd7 5. cxd5 exd5 6. e3 Be7 7. Qc2 0-0 8. Bd3 h6 9. Bh4 Re8 10. Nf3 c5 11. 0-0 b6 12. Bb5 Bb7 13. Ne5 a6 14. Nc6 Qc7 15. Nxe7+ Rxe7 16. Be2 Re6 17. Rfd1 c4 18. a4 Rae8 19. Bg3 Qc6 20. b3 b5 21. axb5 axb5 22. bxc4 bxc4 23. Rdb1 Ra8 24. Rxa8+ Bxa8 25. h3 Qa6 26. Rb2 Rb6 27. Ra2 Qc8 28. Ra7 Rb7 29. Ra5 Rb3 30. Bf3 Qd8 31. Qa2 Nb6 32. Nb5 Bc6 33. Nd6 Rb4 34. Rc5 Qd7 35. Be5 Na4 36. Ra5 Rb2 37. Qa1 c3 38. Kh2 Rxf2 39. Rxa4 Bxa4 40. Qxc3 Rc2 41. Qa5 Bc6 42. Qb4 Ne8 43. Qb3 Rc1 44. Bg4 Qe7 45. Qb2 Re1 46. Qc3 Nxd6 47. Qxe1 Nc4 48. Qg3 f6 49. Bf4 g5 50. Bh5 Kh8 51. Bb8 Nxe3 52. Qf3 Kg7 53. Bg3 Ba4 54. Bf2 Qc7+ 55. g3 Nf1+ 56. Kg2 Bc2 57. Kxf1 Qc4+ 58. Kg1 Be4 59. Qd1 f5 60. Bf3 1-0

[Event "Budapest FS03 FM-A"]
[Site "Budapest"]
[Date "2002.??.??"]
[Round "1"]
[White "Nagy, Peter"]
[Black "Gyenes, Istvan"]
[Result "1/2-1/2"]
[WhiteElo "2050"]
[BlackElo "2015"]
[PlyCount "125"]
[EventDate "2002.03.02"]
[EventType "tourn"]
[EventRounds "11"]
[EventCountry "HUN"]
[EventCategory "2"]
[SourceTitle "CBM 087 Extra"]
[Source "ChessBase"]
[SourceDate "2002.05.03"]
[SourceVersion "2"]
[SourceVersionDate "2002.08.09"]
[SourceQuality "1"]

1. d4 Nf6 2. Nf3 e6 3. Bf4 d5 4. Nbd2 c5 5. c3 Nc6 6. e3 Qb6 7. b3 Bd7 8. Bd3 Be7 9. h3 cxd4 10. cxd4 Rc8 11. Rc1 0-0 12. 0-0 Nb4 13. Bb1 Bb5 14. Re1 Rfd8 15. Ne5 Be8 16. Ndf3 a5 17. a4 Nc6 18. Nd3 Ne4 19. Re2 Ba3 20. Nb2 f5 21. Ne1 Bd6 22. Bxd6 Nxd6 23. Ned3 Bf7 24. Nc5 Nb4 25. Nbd3 Nxd3 26. Qxd3 Qa7 27. Rec2 b6 28. Na6 Rxc2 29. Rxc2 Rd7 30. Rc6 Bg6 31. f4 Qb7 32. Rc3 Be8 33. b4 axb4 34. Nxb4 Nc4 35. g4 g6 36. g5 Re7 37. Qc2 Qa7 38. Ba2 Bxa4 39. Qc1 Bb5 40. Bxc4 dxc4 41. d5 Qb7 42. dxe6 Rxe6 43. Rxc4 Bxc4 44. Qxc4 Kf7 45. Nd3 Ke7 46. Ne5 b5 47. Qb4+ Ke8 48. Qb3 Qb6 49. Kf2 Qa6 50. Qd5 Kf8 51. Qd8+ Re8 52. Qd5 Re6 53. Nd7+ Ke7 54. Nf6 Qc6 55. Qb3 Rd6 56. Qa3 Qc2+ 57. Kg3 Ke6 58. Qa8 Rd2 59. Qe8+ Kd6 60. Qf8+ Kc6 61. Qc8+ Kb6 62. Nd5+ Ka7 63. Qd7+ 1/2-1/2

[Event "Budapest FS03 FM-A"]
[Site "Budapest"]
[Date "2002.??.??"]
[Round "8"]
[White "Papp, Tamas"]
[Black "Gyenes, Istvan"]
[Result "1-0"]
[WhiteElo "2045"]
[BlackElo "2015"]
[PlyCount "64"]
[EventDate "2002.03.02"]
[EventType "tourn"]
[EventRounds "11"]
[EventCountry "HUN"]
[EventCategory "2"]
[SourceTitle "CBM 087 Extra"]
[Source "ChessBase"]
[SourceDate "2002.05.03"]
[SourceVersion "2"]
[SourceVersionDate "2002.08.09"]
[SourceQuality "1"]

1. e4 e6 2. d4 d5 3. Nc3 dxe4 4. Nxe4 Nd7 5. Nf3 Ngf6 6. Nxf6+ Nxf6 7. c3 c5 8. Be3 Qb6 9. Ne5 Be7 10. Qa4+ Kf8 11. 0-0-0 Qc7 12. Bf4 Bd7 13. Qb3 Qc8 14. dxc5 Bxc5 15. Nxd7+ Nxd7 16. Bb5 Nf6 17. Bd6+ Bxd6 18. Rxd6 g6 19. Rhd1 Kg7 20. Bd7 Qc7 21. Qb4 Rad8 22. Qd4 Rhf8 23. g4 Qa5 24. f4 h6 25. h4 e5 26. fxe5 Nxd7 27. e6+ Ne5 28. Rxd8 Rxd8 29. Qxd8 Qxd8 30. Rxd8 fxe6 31. g5 hxg5 32. hxg5 b5 1-0

[Event "Budapest FS03 FM-A"]
[Site "Budapest"]
[Date "2002.??.??"]
[Round "6"]
[White "Repasi, Zoltan Jr"]
[Black "Gyenes, Istvan"]
[Result "0-1"]
[WhiteElo "2045"]
[BlackElo "2015"]
[PlyCount "46"]
[EventDate "2002.03.02"]
[EventType "tourn"]
[EventRounds "11"]
[EventCountry "HUN"]
[EventCategory "2"]
[SourceTitle "CBM 087 Extra"]
[Source "ChessBase"]
[SourceDate "2002.05.03"]
[SourceVersion "2"]
[SourceVersionDate "2002.08.09"]
[SourceQuality "1"]

1. d4 Nf6 2. c4 e6 3. Nf3 d5 4. Nc3 b6 5. Bg5 Be7 6. e3 Bb7 7. cxd5 Nxd5 8. Bxe7 Qxe7 9. Be2 Nxc3 10. bxc3 0-0 11. 0-0 Rd8 12. Qb3 Nd7 13. a4 a5 14. Nd2 Rab8 15. e4 e5 16. f3 Nc5 17. Qb2 Ne6 18. d5 Nf4 19. Bb5 Rd6 20. Rfb1 Rg6 21. Bf1 Nh3+ 22. Kh1 Qc5 23. Bb5 Qg1+ 0-1

[Event "Budapest FS06 Elo"]
[Site "Budapest"]
[Date "2000.??.??"]
[Round "4"]
[White "Hocevar, Nikola"]
[Black "Gyenes, Istvan"]
[Result "1-0"]
[WhiteElo "2170"]
[BlackElo "2035"]
[PlyCount "43"]
[EventDate "2000.06.??"]
[EventType "tourn"]
[EventRounds "9"]
[EventCountry "HUN"]
[SourceTitle "EXT 2004"]
[Source "ChessBase"]
[SourceDate "2003.11.25"]
[SourceVersion "1"]
[SourceVersionDate "2003.11.25"]
[SourceQuality "1"]

1. c4 e6 2. Nc3 Nf6 3. e4 d5 4. cxd5 exd5 5. e5 Ng8 6. d4 c6 7. Bd3 Be7 8. Nge2 Be6 9. Nf4 Qd7 10. Nxe6 Qxe6 11. 0-0 Nh6 12. Qh5 Qg4 13. Qxg4 Nxg4 14. Bf5 Nxh2 15. Kxh2 0-0 16. f4 Na6 17. a3 g6 18. Bd3 Nc7 19. f5 Rfe8 20. Be3 Rad8 21. Rf3 a6 22. g4 1-0

[Event "Eger Agria op"]
[Site "Eger"]
[Date "1999.??.??"]
[Round "?"]
[White "Bereczki, Janos"]
[Black "Gyenes, Istvan"]
[Result "1-0"]
[WhiteElo "2125"]
[BlackElo "2035"]
[PlyCount "123"]
[EventDate "1999.07.??"]
[EventType "swiss"]
[EventRounds "9"]
[EventCountry "HUN"]
[SourceTitle "EXT 2000"]
[Source "ChessBase"]
[SourceDate "1999.11.16"]
[SourceVersion "1"]
[SourceVersionDate "1999.11.16"]
[SourceQuality "1"]

1. d4 Nf6 2. Nf3 b6 3. g3 Bb7 4. Bg2 g6 5. 0-0 Bg7 6. b3 0-0 7. Bb2 d6 8. e3 Nbd7 9. c4 e6 10. Nbd2 Re8 11. Qc2 Qe7 12. Rad1 a5 13. a3 Rac8 14. e4 e5 15. d5 Ra8 16. Nb1 Nc5 17. Nc3 Ba6 18. Rfe1 Reb8 19. Bf1 Bc8 20. Nd2 Nh5 21. Be2 Nf6 22. Nb5 Bh6 23. Bf3 Bh3 24. b4 axb4 25. axb4 Na4 26. Bc1 Ra6 27. Nf1 Bg7 28. Rd3 Ne8 29. Ra3 Rba8 30. Qa2 Bd7 31. Qa1 c6 32. dxc6 Bxc6 33. Bd1 Qe6 34. Ne3 Bxe4 35. Bxa4 Qh3 36. Bd1 Rxa3 37. Nxa3 Qc8 38. Qb2 Nf6 39. Nb5 Qd7 40. Nc3 Bb7 41. Bb3 Qh3 42. Qe2 h5 43. Qf1 Qd7 44. Rd1 Bf3 45. Rd2 Nh7 46. Bd1 e4 47. Bxf3 Bxc3 48. Bxe4 Ra1 49. Rd1 Bxb4 50. Nd5 Bc5 51. Be3 Rxd1 52. Qxd1 Bxe3 53. Nxe3 Ng5 54. Bg2 Ne6 55. Nd5 Qd8 56. Qb1 Qg5 57. f4 Qd8 58. Qxb6 Qxb6+ 59. Nxb6 h4 60. Nc8 hxg3 61. hxg3 Kf8 62. Nxd6 1-0

[Event "Eger Agria op"]
[Site "Eger"]
[Date "1999.??.??"]
[Round "?"]
[White "Domany, Mihaly"]
[Black "Gyenes, Istvan"]
[Result "1/2-1/2"]
[WhiteElo "2190"]
[BlackElo "2035"]
[PlyCount "48"]
[EventDate "1999.07.??"]
[EventType "swiss"]
[EventRounds "9"]
[EventCountry "HUN"]
[SourceTitle "EXT 2000"]
[Source "ChessBase"]
[SourceDate "1999.11.16"]
[SourceVersion "1"]
[SourceVersionDate "1999.11.16"]
[SourceQuality "1"]

1. e4 c5 2. Nc3 Nc6 3. g3 g6 4. Bg2 Bg7 5. f4 d6 6. Nf3 Bd7 7. d3 a6 8. 0-0 Nh6 9. h3 b5 10. a3 Rb8 11. Rb1 Qc8 12. Kh2 0-0 13. Be3 b4 14. axb4 Rxb4 15. Nd5 Rb8 16. f5 f6 17. Qd2 Nf7 18. fxg6 hxg6 19. Nh4 Kh7 20. c3 Nfe5 21. Bf4 Nf7 22. Be3 Nfe5 23. Bf4 Nf7 24. Be3 Nfe5 1/2-1/2

[Event "Eger Agria op"]
[Site "Eger"]
[Date "1999.??.??"]
[Round "?"]
[White "Gyenes, Istvan"]
[Black "Paal, Attila"]
[Result "0-1"]
[WhiteElo "2035"]
[BlackElo "2150"]
[PlyCount "136"]
[EventDate "1999.07.??"]
[EventType "swiss"]
[EventRounds "9"]
[EventCountry "HUN"]
[SourceTitle "EXT 2000"]
[Source "ChessBase"]
[SourceDate "1999.11.16"]
[SourceVersion "1"]
[SourceVersionDate "1999.11.16"]
[SourceQuality "1"]

1. Nf3 Nf6 2. c4 g6 3. Nc3 Bg7 4. g3 0-0 5. Bg2 c5 6. 0-0 Nc6 7. d3 d5 8. Bf4 d4 9. Nb5 a6 10. Na3 Nh5 11. Bd2 e5 12. Ng5 h6 13. Ne4 Qe7 14. Bc1 f5 15. Nd2 Nf6 16. Nc2 Bd7 17. a3 a5 18. Nf3 e4 19. Nfe1 a4 20. e3 Na5 21. exd4 Nb3 22. Rb1 cxd4 23. dxe4 Nxe4 24. Nb4 Qc5 25. Nd5 Rae8 26. Qc2 b5 27. Nf4 g5 28. Nfd3 Qxc4 29. Qd1 Bc6 30. Nb4 Ba8 31. Ned3 Nec5 32. Bxa8 Rxa8 33. Qf3 Ne4 34. Qd1 Rae8 35. Re1 Nec5 36. Nxc5 Qxc5 37. Bd2 Re4 38. f3 Rxe1+ 39. Bxe1 Re8 40. Bf2 Qc4 41. Nd3 Qe6 42. Ne1 Rc8 43. Nd3 Qc4 44. Qe2 Qc2 45. Qe6+ Kh8 46. Re1 Qc6 47. Qxf5 Rf8 48. Qe4 Qf6 49. Kg2 Qf5 50. Qxf5 Rxf5 51. g4 Rf8 52. Re2 Rc8 53. Nb4 Rc1 54. Re1 Kg8 55. Kf1 Rc4 56. Ke2 Bf8 57. Nd3 Rc2+ 58. Kf1 Rd2 59. Ne5 Rxb2 60. Nd7 Bxa3 61. Nf6+ Kf7 62. Nh5 d3 63. Re5 d2 64. Rd5 Rb1+ 65. Ke2 Bb4 66. Rf5+ Kg8 67. Nf6+ Kh8 68. Rd5 Re1+ 0-1

[Event "Eger Agria op"]
[Site "Eger"]
[Date "1998.??.??"]
[Round "5"]
[White "Barabas, Tibor"]
[Black "Gyenes, Istvan"]
[Result "1/2-1/2"]
[WhiteElo "2140"]
[BlackElo "2020"]
[PlyCount "31"]
[EventDate "1998.07.??"]
[EventType "swiss"]
[EventRounds "9"]
[EventCountry "HUN"]
[SourceTitle "EXT 2000"]
[Source "ChessBase"]
[SourceDate "1999.11.16"]
[SourceVersion "1"]
[SourceVersionDate "1999.11.16"]
[SourceQuality "1"]

1. g4 d5 2. h3 e5 3. Bg2 g6 4. c4 d4 5. d3 Bg7 6. b4 c6 7. Nd2 f5 8. gxf5 Bxf5 9. c5 Nf6 10. Nc4 0-0 11. Nd6 Qc7 12. Nf3 Nd5 13. Ng5 h6 14. Bxd5+ cxd5 15. Nxf5 Rxf5 16. Ne6 1/2-1/2

[Event "Eger Agria op"]
[Site "Eger"]
[Date "1998.??.??"]
[Round "9"]
[White "Szirmai, Emil"]
[Black "Gyenes, Istvan"]
[Result "1/2-1/2"]
[WhiteElo "2105"]
[BlackElo "2020"]
[PlyCount "35"]
[EventDate "1998.07.??"]
[EventType "swiss"]
[EventRounds "9"]
[EventCountry "HUN"]
[SourceTitle "EXT 2000"]
[Source "ChessBase"]
[SourceDate "1999.11.16"]
[SourceVersion "1"]
[SourceVersionDate "1999.11.16"]
[SourceQuality "1"]

1. e4 c5 2. Nf3 Nc6 3. Bb5 Qb6 4. Nc3 e6 5. 0-0 a6 6. Bc4 g6 7. Ne2 Qb4 8. d3 Bg7 9. c3 Qa5 10. d4 b5 11. Bb3 c4 12. Bc2 Bb7 13. d5 Nce7 14. d6 Nc6 15. Nfd4 Nf6 16. Ng3 e5 17. Nxc6 Bxc6 18. Be3 1/2-1/2

[Event "Eger Agria op"]
[Site "Eger"]
[Date "1997.??.??"]
[Round "4"]
[White "Gyenes, Istvan"]
[Black "Boer, Jozsef"]
[Result "1/2-1/2"]
[WhiteElo "2015"]
[BlackElo "2130"]
[PlyCount "126"]
[EventDate "1997.07.??"]
[EventType "swiss"]
[EventRounds "9"]
[EventCountry "HUN"]
[SourceTitle "EXT 2001"]
[Source "ChessBase"]
[SourceDate "2000.11.22"]
[SourceVersion "1"]
[SourceVersionDate "2000.11.22"]
[SourceQuality "1"]

1. d4 Nf6 2. Nf3 e6 3. g3 c5 4. c3 d5 5. Bg2 Qb6 6. 0-0 Nc6 7. e3 Bd7 8. Nbd2 Rc8 9. Nb3 Bd6 10. dxc5 Bxc5 11. Nfd4 0-0 12. Re1 Rfd8 13. a4 Bxd4 14. exd4 Na5 15. Nc5 Qc7 16. Bg5 b6 17. Bxf6 gxf6 18. Nd3 Kf8 19. Qh5 Ke7 20. Bxd5 Qd6 21. Bg2 Nb3 22. Rad1 Bxa4 23. Nf4 Na5 24. Nd5+ Qxd5 25. Bxd5 Bxd1 26. Qxd1 Rxd5 27. Qf3 Rd7 28. Qh5 Nc4 29. Qb5 Nd2 30. Kg2 Nc4 31. Ra1 Rcc7 32. Qb4+ Nd6 33. Ra6 Ke8 34. Qb3 Nc4 35. Ra4 Nd6 36. h4 Nf5 37. Ra1 Ke7 38. Re1 Rc8 39. Kh3 h5 40. Qb5 Ng7 41. Re2 f5 42. Qe5 f6 43. Qb5 Rcc7 44. f4 Kf7 45. Re3 Rd6 46. Re1 Rd5 47. Qe2 Rd6 48. Ra1 Kg6 49. Ra4 Rd5 50. Qe1 Re7 51. Qa1 Rdd7 52. Rc4 Ne8 53. Rc6 Nd6 54. Qa3 Ne4 55. Qb3 Rd6 56. Rc8 Rg7 57. Qc4 Rdd7 58. Qxe6 Rde7 59. Qd5 Rd7 60. Qa8 Kf7 61. Rf8+ Ke7 62. Re8+ Kf7 63. Rf8+ Ke7 1/2-1/2

[Event "HUN-chT5"]
[Site "Hungary"]
[Date "1997.??.??"]
[Round "?"]
[White "Gyenes, Istvan"]
[Black "Lengyel, Gabor"]
[Result "0-1"]
[WhiteElo "2025"]
[BlackElo "1960"]
[PlyCount "64"]
[EventDate "1997.??.??"]
[EventType "team"]
[EventRounds "9"]
[EventCountry "HUN"]
[SourceTitle "EXT 2006"]
[Source "ChessBase"]
[SourceDate "2005.11.24"]
[SourceVersion "1"]
[SourceVersionDate "2005.11.24"]
[SourceQuality "1"]

1. d4 Nf6 2. Nf3 g6 3. g3 Bg7 4. Bg2 0-0 5. 0-0 c5 6. c3 b6 7. Bf4 Bb7 8. Qb3 Na6 9. Nbd2 d6 10. Rad1 cxd4 11. cxd4 Nc7 12. Nb1 Ne6 13. Bd2 Bd5 14. Qa3 Ne4 15. e3 a5 16. Nc3 Nxc3 17. Bxc3 b5 18. b4 axb4 19. Qxb4 Bc4 20. Rfe1 Rxa2 21. Ra1 Rxa1 22. Rxa1 Qc7 23. Nd2 Bd3 24. Ra6 Rc8 25. Rc6 Qd7 26. Ra6 Ng5 27. Ra8 Rxa8 28. Bxa8 d5 29. Qc5 Ne4 30. Qb4 Qh3 31. Bxd5 Nxd2 32. Bg2 Nf3+ 0-1